| 000 | 00455nam a22001697a 4500 | ||
|---|---|---|---|
| 005 | 20251108175715.0 | ||
| 008 | 250721s2015 xx 000 0 ara d | ||
| 082 | 1 | 4 | _aق/فقي |
| 100 | 1 | _aفقيه، محمد | |
| 245 | 1 | 0 | _aدولة الباشا / |
| 264 | 1 |
_aعمان : _bدار الاعلام، _c2015. |
|
| 300 | _a(164)ص. | ||
| 650 | 1 | 7 | _aالادب العربي |
| 650 | 1 | 7 | _aالقصص العربية |
| 942 |
_2ddc _cBK |
||
| 999 |
_c140486 _d140486 |
||